000
00237nam a2200097Ia 4500
001
1196026
005
20250827021758.0
008
250824s9999 xx 000 0 und d
245
0
_a
AYNA KORKUSU
_c
TARIKI ALİ
260
_b
EVEREST YAYINLARI
999
_c
1196026
_d
1196026